00654nam a2200217Ia 450000500170000000800410001702000180005804000180007604100080009408200200010210000160012224500600013825000370019826000470023530000260028265000250030865000230033365000330035665000290038970000180041820220202180007.0210716s2013 xx 000 0 und d a9788120346260 cAIMIT LIBRARY aeng a657.4824bGOYV aGoyal, V K. aFinancial accounting /cBy V. K. Goyal and Ruchi Goyal. a4th ed.bEastern Economy Edition aNew Delhi :bPHI Learning Pvt Ltd ,c2013. axii, 669p ;c23.4 cm. aFinancial Accounting aAccounting Process aSubsidiary Books of Business aTrial Balance and Errors aGoyal, Ruchi.